Warisan seni bina Melayu

Bibliographic Details
Main Author: ABDUL Halim Nasir 1938-2000
Other Authors: Wan Hashim Wan Teh , 1949-
Format: Book
Published: Bangi, Selangor : Penerbit UKM , 1997
Subjects:

MARC

LEADER 00000cam a2200000 7i4500
001 0000001347
005 20140515.0
020 0 0 |a 9679423433 
090 0 0 |a 720.9595   |b ABD 1997 
100 0 0 |a ABDUL Halim Nasir   |c 1938-2000 
245 1 0 |a Warisan seni bina Melayu   |c Abdul Halim Nasir, WAn Hashim Wan Teh 
260 0 0 |a Bangi, Selangor :   |b Penerbit UKM ,   |c 1997 
300 |a 179 p. :   |b col. ill. ;   |c 27 cm. 
500 0 0 |a Bibliography : [p. 173-176] and index 
650 0 0 |a Architecture, Ancient   |z Malaysia   |x Pictorial works 
650 0 0 |a Architecture, Domestic   |z Malaysia   |x Pictorial works 
700 0 1 |a Wan Hashim Wan Teh ,   |c 1949- 
998 |a JPSM 
999 |a 0000002404   |b Monograph   |c Open Shelf   |e Default branch